| 000 | 00470nam a2200157Ia 4500 | ||
|---|---|---|---|
| 008 | 210716s9999 xx 000 0 und d | ||
| 020 | _a9780131848146 | ||
| 041 | _aeng | ||
| 082 | _a174.96588 MURP | ||
| 100 | _aMurphy, Patrick E; Laczniak, Gene R;Bowie, Norman E; Klein, Thomas A. | ||
| 245 |
_aEthical marketing: basic ethics in action. _bBasic ethics in action. |
||
| 250 | _a1 | ||
| 260 |
_aNew Jersey _bPearson Education |
||
| 300 | _axxi,266 | ||
| 650 | _aNone | ||
| 999 |
_c206482 _d206482 |
||